Statistics for Countries with the Shortest Coasts Relative to Border Length

Click here to take the quiz!

General Stats

  • This quiz has been taken 97 times
  • The average score is 7 of 14

Answer Stats

HintAnswer% Correct
73Bosnia and Herzegovina
82%
290D.R.Congo
70%
29Togo
61%
16Benin
59%
63Iraq
58%
29Slovenia
54%
63Jordan
53%
33Republic of the Congo
51%
21Belgium
42%
10Guinea
35%
14Lithuania
34%
11Romania
34%
12Syria
28%
11Cameroon
19%

Score Distribution

Percentile by Number Answered

Percent of People with Each Score

Your Score History

You have not taken this quiz